Allgemeine Volkswirtschaftslehre /

Salvato in:
Dettagli Bibliografici
Autore principale: Woll, Artur (Autore)
Natura: Libro
Lingua:tedesco
Pubblicazione: München : Verlag Franz Vahlen, 1978
Edizione:6.verbesserte und ergänzte Aufl.
Soggetti:
Tags: Aggiungi Tag
Nessun Tag, puoi essere il primo ad aggiungerne!!

MARC

LEADER 00000nam a22000003a 4500
001 stu45397
005 20150617225716.1
008 960612s1978----gw------------------ger-d
020 |a 3-8006-03737- 
040 |a STU  |b slo 
041 0 |a ger 
044 |a gw 
080 |a 330.3 
100 1 |a Woll, Artur  |4 aut 
245 1 |a Allgemeine Volkswirtschaftslehre /  |c [aut.]Artur Woll 
250 |a 6.verbesserte und ergänzte Aufl. 
260 |a München :  |b Verlag Franz Vahlen,  |c 1978 
300 |a 506 s 
650 7 |a Hospodárstvo národné  |2 stusub 
650 7 |a náuka  |2 stusub 
996 |b 284M025455  |c M*9352-1  |l MMKN  |s A  |a 24  |w stu45397_0001